000 02047cam a2200253 i 4500
003 SA-RiAUC
005 20240909141450.0
008 240908s1985 su g 000r0bara c
040 _aSA-RiAUC
_bara
_cSA-RiAUC
_erda
082 0 4 _a239.2
090 _a239.2
_bا ب و ب
100 1 _aالجزائري، أبو بكر جابر،
_d1921-2018
_eمؤلف.
245 1 2 _aالإنصاف فيما قيل في المولد من الغلو والإجحاف /
_cتأليف أبي بكر جابر الجزائري.
264 1 _aالرياض :
_bالرئاسة العامة لإدارات البحوث العلمية،
_c1405 هـ
300 _a86 صفحة ؛
_c15 سم
336 _aنص
_btxt
_2rdacontent
_3كتاب
337 _aبدون وسيط
_bn
_2rdamedia
338 _aمجلد
_bnc
_2rdacarrier
650 7 _aالسيرة النبوية
_2aucsh
856 _uhttp://saaid.net/book/11/3687.pdf
_yDigital Copy
_2 نرجو الانتباه لإمكانية وجود اختلاف في الطبعة أو الناشر بين البيانات على البوابة وما ستجده على الكتاب نظرا لمحدودية المعلومات المتاحة على الموقع الناشر للمادة.
_3Please note that there may be a difference in the edition or publisher between the data on the portal and the book due to the limited information available on the publisher website for the material.
856 _uhttp://saaid.net/book/open.php?cat=94&book=5016
_yExternal Link
_2 نرجو الانتباه لإمكانية وجود اختلاف في الطبعة أو الناشر بين البيانات على البوابة وما ستجده على الكتاب نظرا لمحدودية المعلومات المتاحة على الموقع الناشر للمادة.
_3Please note that there may be a difference in the edition or publisher between the data on the portal and the book due to the limited information available on the publisher website for the material.
942 _2ddc
_cBOOK
949 _aSA-JeALM
_d240908
_umohamedma123
_n1
999 _c120
_d120